【プロ野球】2025年の横浜DeNAベイスターズの選手 - Statistics

General Stats
  • This quiz has been taken 176 times
    164 since last reset
  • The average score is 42 of 70
Answer Stats
Hint Answer % Correct
11 東克樹
98%
2 牧秀悟
96%
1 桑原将志
95%
5 松尾汐恩
92%
10 戸柱恭孝
92%
50 山本祐大
92%
69 ケイ
91%
3 オースティン
91%
25 筒香嘉智
91%
42 ジャクソン
90%
7 佐野恵太
90%
00 林琢真
88%
29 伊藤光
86%
6 森敬斗
86%
4 度会隆輝
86%
9 京田陽太
82%
99 フォード
82%
66 ビシエド
80%
19 山﨑康晃
78%
96 バウアー
78%
51 宮﨑敏郎
78%
13 伊勢大夢
77%
61 蝦名達夫
76%
54 石田裕太郎
75%
8 神里和毅
74%
16 大貫晋一
73%
14 石田健大
72%
38 森唯斗
72%
62 ウィック
72%
58 梶原昂希
72%
44 石上泰輝
70%
22 入江大生
67%
45 森原康平
67%
12 竹田祐
66%
31 柴田竜拓
66%
63 関根大気
65%
26 三森大貴
62%
27 藤浪晋太郎
59%
57 東妻純平
59%
18 小園健太
58%
20 坂本裕哉
58%
53
58%
55 井上絢登
56%
41 佐々木千隼
53%
59 平良拳太郎
52%
60 知野直人
48%
65 宮城滝太
47%
98 マルセリーノ
44%
95 九鬼隆平
43%
32 益子京右
41%
33 武田陸玖
39%
64 中川虎大
39%
17 三嶋一輝
38%
30 篠木健太郎
37%
52 浜地真澄
35%
92 堀岡隼人
35%
56 田内真翔
35%
15 徳山壮磨
32%
28 勝又温史
32%
24 吉野光樹
30%
37 加藤響
30%
48 京山将弥
29%
40 松本隆之介
24%
35 橋本達弥
23%
68 岩田将貴
23%
46 坂口翔颯
22%
39 若松尚輝
19%
34 松本凌人
18%
36 森下瑠大
18%
91 庄司陽斗
15%
No matching quizzes found
Score Distribution
Percent of People with Each Score
Percentile by Number Answered
Your Score History
You have not taken this quiz since the last reset